000 00280nam a22001217a 4500
008 180424b xxu||||| |||| 00| 0 eng d
041 _aeng
080 _a043.3
100 _a0
101 _aMBE-BTH
245 _aSistemi Bankar në Kosovë/ Analizë
_cSherifi,F
942 _2udc
_cBK
999 _c45487
_d45487